Potential carcinogenic and inhibitory activity of compounds isolated from Lilium candidum L.

Bibliographic Details
Main Authors: Vachálková, A. (Author), Eisenreichová, Eva, 1940- (Author), Haladová, Mária, 1950- (Author), Mučaji, Pavel, 1968- (Author), Jóžová, B. (Author), Novotný, L. (Author)
Format: Article
Language:Slovak
English
PhysicalDescription:Graf, tab.
ISSN:0028-2685
Subjects:

MARC

LEADER 00000nab a2200000 a 4500
001 vtls000748045
003 SK-MaSNL
005 20260304125946.0
008 250429c2000 xo 0 slo
015 |a SNBRB2001/04-09947 
035 |a CLN000099873 
035 |a urn:nbn:sk:snk-ab6z3g 
035 |a (uuid)c56dcd8e-c05a-4012-9835-c734b2445344 
035 |a (urnnbn)urn:nbn:sk:snk:ar-a06c2v 
035 |a (sysno)vtls000748045 
040 |a SNKBUCL  |b slo  |c SNKBUCL  |e AACR2 
041 0 |a eng 
044 |a xo  |c SK 
080 |a 582.572.2:615.277:633.88  |2 1997 
245 0 0 |a Potential carcinogenic and inhibitory activity of compounds isolated from Lilium candidum L.  |c A. Vachálková ... [et al.] 
300 |b Graf, tab. 
500 |a Grant VEGA No. 7048/2000 
504 |a Res. angl. 
504 |a Bibliogr. odkazy 
650 0 7 |a ľalia biela  |x testy karcinogenity  |2 snkbucl  |9 1439831 
650 0 7 |a polarografia DC  |2 snkbucl  |9 1439832 
650 0 7 |a saponíny  |2 SNKPH  |9 18282 
650 0 7 |a imunológia  |2 SNKPH  |9 51082 
650 0 7 |a polarografia  |x metódy  |x trendy  |x využitie  |2 snkbucl  |9 1439833 
650 0 7 |a testy karcinogenity  |x metódy  |x trendy  |x využitie  |2 snkbucl  |9 1439834 
650 0 7 |a ľaliovité  |2 snkbucl  |9 23449 
655 7 |a články z novín a časopisov  |2 snkbucl  |9 267496 
700 1 |a Vachálková, A.  |4 aut  |9 827505 
700 1 |a Eisenreichová, Eva,  |d 1940-  |4 aut  |9 48428 
700 1 |a Haladová, Mária,  |d 1950-  |4 aut  |9 254778 
700 1 |a Mučaji, Pavel,  |d 1968-  |4 aut  |9 191236 
700 1 |a Jóžová, B.  |4 aut  |9 1411606 
700 1 |a Novotný, L.  |4 aut  |9 701524 
773 0 |t Neoplasma  |g Roč. 47, č. 5 (2000), s. 313-318  |x 0028-2685 
850 |a Slovenská národná knižnica 
852 |a Slovenská národná knižnica 
958 |a article27 
958 |a MI 
958 |a NB 
958 |a OND 
958 |a EUIPO 
992 |a RBX 
999 |c 2894913  |d 2896843